[Event "U20 Pan-American Chess Championship Open 2023"]
[Site "Sede Social CFCSN - Rua Gen. Oswaldo P. da Veiga, 231 - 3º Andar - Volta Redonda"]
[Date "2023.11.08"]
[Round "5"]
[Board "7"]
[White "De Siqueira, Luigy Lira"]
[Black "Varillas Jimenez, Ivan"]
[Result "1-0"]
[WhiteElo "2179"]
[BlackElo "1985"]
[PlyCount "47"]
[EventDate "2023.11.06"]
[EventRounds "9"]
[EventCountry "BRA"]

1. e4 e5 2. Nf3 Nc6 3. d4 exd4 4. Nxd4 Qf6 5. Be3 Bc5 6. c3 Nge7 7. Bc4 O-O 8. O-O
b6 9. f4 d5 10. e5 Qh6 11. Be2 Nxe5 12. Qd2 Nc4 13. Bxc4 dxc4 14. f5 Qd6 15. f6 gxf6
16. Qe2 Ng6 17. Nd2 Re8 18. Qf3 Qe7 19. Rae1 Ba6 20. Nf5 Qf8 21. Ne4 Bxe3+ 22. Rxe3
Re6 23. Qh5 Rae8 24. Rh3  1-0

[Event "U20 Pan-American Chess Championship Open 2023"]
[Site "Sede Social CFCSN - Rua Gen. Oswaldo P. da Veiga, 231 - 3º Andar - Volta Redonda"]
[Date "2023.11.08"]
[Round "5"]
[Board "8"]
[White "Sathish, Pranav"]
[Black "Tomiello, Mateus Costamilan"]
[Result "1/2-1/2"]
[WhiteElo "2412"]
[BlackElo "2145"]
[PlyCount "87"]
[EventDate "2023.11.06"]
[EventRounds "9"]
[EventCountry "BRA"]

1. Nf3 d5 2. b3 Bg4 3. Bb2 e6 4. g3 Nf6 5. Bg2 Nbd7 6. c4 c6 7. O-O Be7 8. d3 O-O
9. h3 Bh5 10. g4 Bg6 11. Nh4 a5 12. Nxg6 hxg6 13. a3 Qb6 14. Qc2 Rfe8 15. Nd2 d4
16. Nf3 e5 17. Bc1 Bd6 18. Ng5 Nf8 19. Bd2 c5 20. Rab1 Ne6 21. Nxe6 Rxe6 22. b4 axb4
23. axb4 cxb4 24. Qb3 e4 25. Bxb4 Qxb4 26. Qxb4 Bxb4 27. Rxb4 exd3 28. exd3 Ra3 29.
Rxb7 Rxd3 30. c5 Rc3 31. c6 Ne4 32. c7 Nd6 33. Rb6 Nc8 34. Rb7 Re7 35. Rd1 d3 36.
Bf1 Rexc7 37. Rxc7 Rxc7 38. Rxd3 g5 39. Rd8+ Kh7 40. Rd5 f6 41. Bd3+ g6 42. Kg2 Kg7
43. Rd8 Nb6 44. Be4  1/2-1/2

[Event "U20 Pan-American Chess Championship Open 2023"]
[Site "Sede Social CFCSN - Rua Gen. Oswaldo P. da Veiga, 231 - 3º Andar - Volta Redonda"]
[Date "2023.11.08"]
[Round "5"]
[Board "9"]
[White "Munoz Ramos, Christopher"]
[Black "Vazquez, Facundo"]
[Result "0-1"]
[WhiteElo "2038"]
[BlackElo "2407"]
[PlyCount "130"]
[EventDate "2023.11.06"]
[EventRounds "9"]
[EventCountry "BRA"]

1. d4 Nf6 2. c4 e6 3. Nf3 d5 4. Nc3 Bb4 5. cxd5 exd5 6. Bg5 h6 7. Bh4 g5 8. Bg3 Ne4
9. Nd2 Nxg3 10. hxg3 c6 11. Qc2 Be6 12. a3 Be7 13. e3 Nd7 14. O-O-O Nb6 15. Bd3 Qd7
16. f4 Qc7 17. Nf3 O-O-O 18. Kb1 Kb8 19. Rc1 f6 20. Qd2 Qd7 21. Qc2 Bd6 22. f5 Bf7
23. Qf2 h5 24. e4 dxe4 25. Bxe4 Rhe8 26. Bc2 Bc7 27. Rcd1 Nc4 28. Rhe1 Ba5 29. Rxe8
Rxe8 30. Na4 Qd5 31. Bd3 Ne3 32. Rg1 Qa2+ 33. Kc1 Qa1+ 34. Bb1 Ba2 35. Nd2 Nc4 36.
Kc2 Nxd2 37. Bxa2 Qxa2 38. Nc5 Qc4+ 39. Kd1 Nb3 40. Nxb3 Qxb3+ 41. Qc2 Qxc2+ 42.
Kxc2 Re1 43. Rxe1 Bxe1 44. g4 hxg4 45. b4 Kc7 46. Kd3 Kd6 47. Ke4 a5 48. bxa5 Bxa5
49. g3 Be1 50. a4 Bxg3 51. Ke3 Kd5 52. Kd3 Bc7 53. Ke3 g3 54. Kf3 Kxd4 55. a5 g4+
56. Kg2 c5 57. Kf1 c4 58. a6 bxa6 59. Kg2 c3 60. Kh1 c2 61. Kg2 Ke3 62. Kh1 c1=R+
63. Kg2 Rc2+ 64. Kg1 Kf3 65. Kh1 Rc1#  0-1

[Event "U20 Pan-American Chess Championship Open 2023"]
[Site "Sede Social CFCSN - Rua Gen. Oswaldo P. da Veiga, 231 - 3º Andar - Volta Redonda"]
[Date "2023.11.08"]
[Round "5"]
[Board "10"]
[White "Cahuapaza Tarapaca, Leonardo"]
[Black "Labussiere, Yago"]
[Result "0-1"]
[WhiteElo "1818"]
[BlackElo "2185"]
[PlyCount "180"]
[EventDate "2023.11.06"]
[EventRounds "9"]
[EventCountry "BRA"]

1. d4 Nf6 2. Bf4 g6 3. Nc3 d5 4. e3 Bg7 5. h4 h5 6. Be2 O-O 7. Nf3 c5 8. Qd2 cxd4
9. exd4 Nc6 10. Ne5 Bf5 11. f3 Rc8 12. O-O-O Nb4 13. Nd3 Bxd3 14. Bxd3 Qa5 15. Kb1
a6 16. Rde1 Nc6 17. Ne2 Qxd2 18. Bxd2 Rfe8 19. c3 Na5 20. Bf4 Nc4 21. Bxc4 Rxc4 22.
Be5 e6 23. Nf4 Rcc8 24. Nd3 Nd7 25. Kc2 Bxe5 26. Nxe5 Nxe5 27. Rxe5 Kg7 28. Re3 Rc6
29. Kd2 Rb8 30. Kd3 Rb6 31. Re2 Rc8 32. Rc1 Rbc6 33. Rec2 Rd8 34. a4 Kf6 35. Ke3
Rd7 36. Kd3 Rc8 37. Re1 b6 38. Rec1 Rd6 39. Ra1 Ke7 40. Rac1 Rcd8 41. Re1 Kd7 42.
Rec1 Ke7 43. Re1 R8d7 44. Ra1 Kd8 45. Rac1 Rc6 46. Ke3 Rc4 47. b3 Rc6 48. Kd3 Ke7
49. Re2 Kf6 50. g3 Rd8 51. Rec2 Rcd6 52. Re2 Rg8 53. Re5 Rc6 54. Rc2 Ke7 55. c4 dxc4+
56. Rxc4 Kd6 57. f4 Rgc8 58. Re1 b5 59. axb5 axb5 60. Rxc6+ Rxc6 61. Kd2 b4 62. Re5
Rc3 63. Re3 Rc6 64. Re5 Rc7 65. Re3 Kd5 66. Re5+ Kxd4 67. Rb5 Ke4 68. Rxb4+ Kf3 69.
Rc4 Rd7+ 70. Kc3 Kxg3 71. b4 Kxh4 72. b5 Kg3 73. Kb4 Rb7 74. Ka5 h4 75. Ka6 Rb8 76.
b6 h3 77. Ka7 Rxb6 78. Kxb6 h2 79. Rc3+ Kg4 80. Rc1 Kxf4 81. Kc5 g5 82. Kd4 g4 83.
Rf1+ Kg3 84. Ke3 Kg2 85. Rf2+ Kg1 86. Rf4 g3 87. Rd4 h1=Q 88. Rg4 Qh2 89. Rc4 Qf2+
90. Kd3 Qf1+  0-1

[Event "U20 Pan-American Chess Championship Open 2023"]
[Site "Sede Social CFCSN - Rua Gen. Oswaldo P. da Veiga, 231 - 3º Andar - Volta Redonda"]
[Date "2023.11.08"]
[Round "5"]
[Board "11"]
[White "Errazola, Mauricio"]
[Black "Ribeiro, Matheus Mendes Domingues"]
[Result "0-1"]
[WhiteElo "1725"]
[BlackElo "2150"]
[PlyCount "66"]
[EventDate "2023.11.06"]
[EventRounds "9"]
[EventCountry "BRA"]

1. d4 d5 2. c4 e6 3. Nc3 Nf6 4. cxd5 exd5 5. Bg5 Be6 6. e3 c6 7. Bd3 Nbd7 8. f4 h6
9. Bh4 g5 10. f5 Bxf5 11. Bxf5 gxh4 12. Qf3 Bd6 13. Nge2 Qe7 14. O-O-O O-O-O 15.
Nf4 Kb8 16. Rhf1 Rhe8 17. Rd3 Nb6 18. e4 dxe4 19. Nxe4 Nxe4 20. Re3 Ng5 21. Rxe7
Nxf3 22. Rxe8 Bxf4+ 23. Kd1 Rxe8 24. Rxf3 Bxh2 25. Bg4 Re4 26. Bh5 Rxd4+ 27. Ke2
Nd5 28. Bxf7 Nf4+ 29. Kf2 Rd2+ 30. Ke3 Rxb2 31. Ke4 Rxg2 32. Ke5 Nh3+ 33. Kf6 Re2
 0-1

[Event "U20 Pan-American Chess Championship Open 2023"]
[Site "Sede Social CFCSN - Rua Gen. Oswaldo P. da Veiga, 231 - 3º Andar - Volta Redonda"]
[Date "2023.11.08"]
[Round "5"]
[Board "12"]
[White "Silva, Kaua Marques"]
[Black "Nascimento, Luiz Eduardo Da Trindade"]
[Result "1-0"]
[WhiteElo "2235"]
[BlackElo "1877"]
[PlyCount "41"]
[EventDate "2023.11.06"]
[EventRounds "9"]
[EventCountry "BRA"]

1. e4 c5 2. Nf3 d6 3. d4 cxd4 4. Nxd4 Nf6 5. Nc3 a6 6. Bg5 e6 7. f4 Be7 8. Qf3 Nbd7
9. Bc4 Nb6 10. Bb3 O-O 11. O-O-O Qc7 12. Rhe1 h6 13. h4 Nh7 14. Bxe7 Qxe7 15. g4
Bd7 16. g5 Be8 17. gxh6 g6 18. h5 Kh8 19. hxg6 fxg6 20. Nxe6 Rf6 21. Qe3  1-0

[Event "U20 Pan-American Chess Championship Open 2023"]
[Site "Sede Social CFCSN - Rua Gen. Oswaldo P. da Veiga, 231 - 3º Andar - Volta Redonda"]
[Date "2023.11.08"]
[Round "5"]
[Board "13"]
[White "Nascimento, Kaio Vinicius Da Trindade"]
[Black "Seccafim, Caic Dos Santos"]
[Result "1-0"]
[WhiteElo "1310"]
[BlackElo "2062"]
[PlyCount "65"]
[EventDate "2023.11.06"]
[EventRounds "9"]
[EventCountry "BRA"]

1. d4 Nf6 2. c4 c5 3. d5 b5 4. cxb5 a6 5. b6 d6 6. Nc3 Nbd7 7. e4 g6 8. Bd3 Bg7 9.
Nge2 O-O 10. O-O Nxb6 11. h3 e6 12. Bc2 exd5 13. Nxd5 Nfxd5 14. exd5 a5 15. Nc3 Rb8
16. Rb1 Bb7 17. Re1 Qf6 18. Ne4 Qd8 19. Bg5 Qc7 20. Bf4 Rbd8 21. Bg5 f6 22. Bd2 Bxd5
23. Bxa5 Ba8 24. b4 cxb4 25. Rxb4 Bxe4 26. Bxe4 Rb8 27. Bxb6 Qd7 28. Bc5 Rbd8 29.
Rb7 Qc8 30. Bd5+ Kh8 31. Ree7 Rg8 32. Be3 h5 33. Bh6  1-0

[Event "U20 Pan-American Chess Championship Open 2023"]
[Site "Sede Social CFCSN - Rua Gen. Oswaldo P. da Veiga, 231 - 3º Andar - Volta Redonda"]
[Date "2023.11.08"]
[Round "5"]
[Board "14"]
[White "Da Fonseca Pinto, Joao Gabriel Alves"]
[Black "Casalaspro, Mathias Andre"]
[Result "0-1"]
[WhiteElo "1762"]
[BlackElo "2060"]
[PlyCount "100"]
[EventDate "2023.11.06"]
[EventRounds "9"]
[EventCountry "BRA"]

1. e4 c6 2. d4 d5 3. e5 Bf5 4. Bd3 Qd7 5. Ne2 h5 6. h4 Nh6 7. Bxh6 Rxh6 8. Bxf5 Qxf5
9. Ng3 Qg6 10. Nd2 Na6 11. c3 O-O-O 12. Nf3 c5 13. a3 f6 14. b4 c4 15. b5 Nc7 16.
b6 axb6 17. Rb1 b5 18. O-O Qe8 19. Ra1 e6 20. Qc2 b6 21. Rfb1 Kb7 22. a4 Ra8 23.
axb5 Ba3 24. exf6 gxf6 25. Rxa3 Rxa3 26. Qc1 Qf8 27. Ne2 Rb3 28. Rxb3 cxb3 29. c4
dxc4 30. Qxc4 Qd6 31. Qxb3 Rh8 32. g3 Qd5 33. Qe3 Ra8 34. Nf4 Qf5 35. Nd2 Ra1+ 36.
Kh2 Kb8 37. d5 Nxd5 38. Nxd5 Qxd5 39. Qxb6+ Kc8 40. Qc6+ Kd8 41. Ne4 Qxc6 42. bxc6
Ke7 43. Kg2 Rc1 44. Nd2 Rxc6 45. Nf1 Rc3 46. Ne3 f5 47. Kf3 Kf6 48. Kg2 Rb3 49. Nf1
Rd3 50. Ne3 Ke5  0-1

[Event "U20 Pan-American Chess Championship Open 2023"]
[Site "Sede Social CFCSN - Rua Gen. Oswaldo P. da Veiga, 231 - 3º Andar - Volta Redonda"]
[Date "2023.11.08"]
[Round "5"]
[Board "15"]
[White "Reyes Zavaleta, Cristhian Yamil"]
[Black "Nascimento, Nicolas Daniel Trindade"]
[Result "1/2-1/2"]
[WhiteElo "1804"]
[BlackElo "1797"]
[PlyCount "47"]
[EventDate "2023.11.06"]
[EventRounds "9"]
[EventCountry "BRA"]

1. d4 Nf6 2. c4 e6 3. g3 d5 4. Nf3 Be7 5. Bg2 O-O 6. O-O b6 7. cxd5 exd5 8. Nc3 Bb7
9. Bf4 a6 10. Rc1 Nbd7 11. Ne5 c5 12. dxc5 Nxc5 13. Be3 Qd6 14. Nf3 Rfd8 15. Nd4
Qd7 16. b4 Rac8 17. bxc5 bxc5 18. Nf3 d4 19. Ne5 Qc7 20. Qb3 Bxg2 21. Qxf7+ Kh8 22.
Qe6 Rf8 23. Kxg2 Bd6 24. Nc4  1/2-1/2

[Event "U20 Pan-American Chess Championship Open 2023"]
[Site "Sede Social CFCSN - Rua Gen. Oswaldo P. da Veiga, 231 - 3º Andar - Volta Redonda"]
[Date "2023.11.08"]
[Round "5"]
[Board "16"]
[White "Lima, Carlos Eduardo I De Araujo"]
[Black "Andriska, Matheus Jose Amante"]
[Result "1-0"]
[WhiteElo "1857"]
[BlackElo "1261"]
[PlyCount "63"]
[EventDate "2023.11.06"]
[EventRounds "9"]
[EventCountry "BRA"]

1. d4 Nf6 2. Nf3 e6 3. c4 Be7 4. Nc3 O-O 5. e4 d6 6. Bd3 Nbd7 7. e5 dxe5 8. dxe5
Ng4 9. Qe2 f6 10. exf6 Bxf6 11. O-O Nge5 12. Nxe5 Bxe5 13. Be3 Nf6 14. Rad1 Qe7 15.
Bg5 Bxc3 16. bxc3 Qf7 17. Qe5 Ng4 18. Qg3 Nf6 19. h3 c6 20. Rd2 Kh8 21. Rfd1 Bd7
22. Qh4 h6 23. Bb1 c5 24. Bxf6 Qxf6 25. Qxf6 Rxf6 26. Rxd7 b6 27. Re7 a6 28. Rdd7
Rf4 29. Rxg7 Rxc4 30. Rg3 Re4 31. Bxe4 Rb8 32. Rh7#  1-0